| 000 | 00361cam a2200145ua 4500 | ||
|---|---|---|---|
| 041 |
_aeng _h |
||
| 082 |
_a828.09 _bYER/FY |
||
| 100 | _aYerm, V . | ||
| 245 |
_aFyodor Destoyevsky / _cV 10v Yerm. _hTextual Documents |
||
| 260 |
_aMoscow : _bForeign Language Publishing House , _c1957. |
||
| 300 | _a294 ; . | ||
| 504 | _a | ||
| 942 | _cBK | ||
| 999 |
_c5343 _d5343 |
||